000 00315 a2200121 4500
020 _a0201916690
082 _a338.5
090 _c6819
_d6819
100 _aEkelund, Robert B., Jr; Tollison, Robert D.
245 _aMicroeconomics
_bPrivate Markets and Public Choice
250 _a5th
942 _aNBS
_cBK
_k338.5 EKE
999 _c349160
_d349160